[Event "Kurnosov Memorial Rapid 2019"]
[Site "Chelyabinsk"]
[Date "2019.09.06"]
[Round "1.1"]
[White "Chichilenko, Danil"]
[Black "Ponkratov, Pavel"]
[Result "1/2-1/2"]
[WhiteElo "2171"]
[BlackElo "2644"]
[Annotator "TA"]
[PlyCount "162"]
[EventDate "2019.09.06"]
[EventType "swiss"]
[EventCountry "RUS"]
[SourceTitle "playchess.com"]
[Source "ChessBase"]
[SourceQuality "1"]

{[%evp 11,162,21,33,8,30,24,39,41,21,25,35,2,14,11,33,15,33,0,0,-7,-18,-18,-34,-28,-24,-58,-31,-41,-40,-58,-35,-85,-44,-58,-48,-85,-26,-83,-28,-75,-78,-99,-101,-101,-79,-83,-75,-75,-75,-75,-68,-68,-9,-69,-8,-20,15,15,15,0,0,-14,-14,-20,-16,-21,-22,-69,-10,-10,0,0,0,0,0,0,0,0,0,0,0,0,0,-41,-16,-41,-41,-41,-41,-41,-41,-41,-41,-41,-41,-41,-23,-29,-29,-31,-31,-500,-491,-362,-157,-6022,-6022,-1133,-5715,-6069,-6031,-5638,-5898,-5833,-5755,-10574,-173,-6031,-173,-173,-173,-173,-173,-173,-8,-61,0,0,0,0,0,0,0,0,0,0,-8,-8,-8,-8,-8,-8,-8,-8,0,0,0,0,0,0,0,0,0]} 1. d4 Nf6 2. c4 e6 3. Nc3 Bb4 4. e3 b6 5. Nge2 Bb7 6. a3 Bd6 7. d5 {E44: Nimzo-Indian: Rubinstein: 4...b6 5 Ne2} O-O 8. g3 a5 9. Bg2 {White is slightly better.} Na6 10. O-O Nc5 11. b3 exd5 12. cxd5 Re8 $146 ({Predecessor:} 12... Ba6 13. Ra2 Re8 14. b4 Nce4 {½-½ (60) Geirnaert,S (2449)-Anton Guijarro,D (2630) Reykjavik 2015}) 13. Rb1 Nce4 14. Nxe4 Nxe4 15. Bb2 Qg5 16. Nc3 Nxc3 17. Bxc3 Bxa3 18. e4 Qg6 19. Re1 Bc5 20. Bd4 d6 (20... Bb4 $5 {[%cal Rb4e1]} 21. Re3 Rac8 $15) 21. f4 Qf6 22. Bxc5 bxc5 23. Qc2 Rab8 (23... Qd4+ $17 24. Qf2 Qb4) 24. Ra1 (24. Rbd1 $11) 24... h5 (24... Qd4+ $17 25. Kh1 Ba6) 25. e5 dxe5 26. fxe5 Rxe5 27. Qxc5 Rxe1+ (27... Re2 {is interesting.} 28. Rxe2 Qxa1+ 29. Kf2 Qf6+ 30. Kg1 g6) 28. Rxe1 {[#]} Qb6 $1 29. Qxb6 cxb6 $17 {[%mdl 4096] Endgame KRB-KRB} 30. Re7 Kf8 31. Rc7 Bc8 (31... b5 $15) 32. Kf2 $11 Bf5 (32... Bg4 $1 $15) 33. Ke3 $1 b5 34. Kd4 a4 35. bxa4 b4 36. Be4 (36. d6 {is more complex.} b3 37. Bd5 f6 38. Rf7+ Ke8 39. Rxg7 Rb6 40. Kc5) 36... Bxe4 37. Kxe4 {KR-KR} b3 {( -> ...b2)} 38. Rc1 Ke7 39. a5 Kd6 (39... Rb4+ $1 $15 40. Kd3 Rb5) 40. Rc6+ $1 Kd7 41. Rc1 b2 42. Rb1 Kd6 43. a6 g6 44. a7 Rb4+ 45. Kf3 Ra4 46. Rxb2 Rxa7 47. Rd2 Ke5 48. Re2+ Kxd5 49. Kf4 f6 50. Kf3 Ra3+ 51. Kg2 Ra4 52. Re8 Ra2+ 53. Kg1 g5 54. Re7 Ra4 55. Kf2 h4 {White must now prevent ...Ra2+.} 56. Rh7 $2 {[%mdl 8192]} ({White should try} 56. Kg2 $1 $15) 56... Ra2+ $19 57. Kg1 {[#]} Ke4 (57... hxg3 $1 $19 58. hxg3 Ke4) 58. gxh4 $2 (58. Rf7 $17) 58... Kf3 {[%cal Ra2a1]} 59. h3 {[#]} Kg3 $1 {[%cal Ra2a1][%mdl 512]} 60. Kf1 gxh4 61. Rh6 f5 62. Rg6+ Kxh3 63. Rg5 f4 64. Rg6 Ra3 $2 (64... Kh2 65. Rd6 Kg3 66. Rg6+ Kf3) 65. Kf2 Rg3 66. Rf6 Kg4 67. Rg6+ Kf5 $2 (67... Kh5 $19 68. Rf6 h3) 68. Rh6 $11 h3 (68... Kg5 $1 $15 69. Rh8 Kg4 70. Rg8+ Kh3) 69. Rh8 {The position is equal.} Ra3 70. Rf8+ $1 Ke5 71. Re8+ Kd6 72. Rh8 Rb3 73. Rd8+ Ke7 74. Rh8 Ke6 {...Re3 is the strong threat.} 75. Re8+ Kd5 {Black wants to play ...Re3!} 76. Rd8+ Ke4 {Hoping for ...Rb2+.} 77. Re8+ Kd3 {aiming for ...h2.} 78. Kf3 Rb7 {Threatens to win with ...Rh7.} 79. Rh8 Re7 80. Kxf4 Re3 81. Kg4 Ke4 {Accuracy: White = 60%, Black = 39%.} 1/2-1/2

[Event "Kurnosov Memorial Rapid 2019"]
[Site "Chelyabinsk"]
[Date "2019.09.06"]
[Round "1.2"]
[White "Kokarev, Dmitry"]
[Black "Igumnov, Alexandr"]
[Result "1-0"]
[WhiteElo "2601"]
[BlackElo "1940"]
[Annotator "TA"]
[PlyCount "83"]
[EventDate "2019.09.06"]
[EventType "swiss"]
[EventCountry "RUS"]
[SourceTitle "playchess.com"]
[Source "ChessBase"]
[SourceQuality "1"]

{[%evp 18,83,49,56,90,73,71,39,81,27,44,34,69,61,62,59,64,44,50,36,35,23,19,19,26,15,32,24,26,21,38,32,34,8,46,56,65,42,47,56,158,85,132,116,120,125,168,169,182,182,172,178,166,168,216,177,260,263,265,263,239,241,295,295,271,254,707,706]} 1. e4 e6 2. d4 d5 3. Nc3 dxe4 4. Nxe4 Bd7 5. Nf3 Bc6 6. Bd3 Nd7 7. O-O Ngf6 8. Ned2 Be7 9. Qe2 Bxf3 10. Nxf3 c6 {C10: French with 3 Nc3: Unusual Black 3rd moves and 3...dxe4} (10... O-O 11. c3 c6 12. Re1 Qc7 13. g3 Rfe8 14. Kg2 Rad8 15. Bd2 Bd6 16. Rad1 e5 17. dxe5 Nxe5 18. Nxe5 Bxe5 {½-½ (68) Dominguez Perez,L (2739)-Meier,G (2628) chess.com INT 2018}) 11. Bd2 O-O 12. Rad1 Re8 {White is slightly better.} 13. Bc1 $146 (13. c4 $16) ({Predecessor:} 13. c3 Nf8 14. Ne5 a5 15. Rfe1 Qc7 16. Ng4 Ng6 17. Ne5 Nf8 {1-0 (45) Bazaj Bockai,S (2154)-Svaljek,R (2102) Pula 2001}) 13... Qa5 14. a3 Rad8 15. Rfe1 Qh5 16. c3 Bd6 17. Bc4 Nb6 18. Ba2 Nbd5 19. Ne5 (19. Qf1 {with more complications.} Nf4 20. Bb1 N6d5 21. Bd2 Bc7 22. Bc2) 19... Qxe2 20. Rxe2 Nd7 21. Nd3 Kf8 22. Rde1 h6 23. g3 b6 24. Kg2 a5 25. a4 Ra8 26. f4 Be7 27. Kf3 Bd6 28. g4 c5 ({Black should try} 28... Ne7 $14) 29. dxc5 ({White should play} 29. f5) 29... Nxc5 30. Nxc5 Bxc5 31. f5 Rad8 32. fxe6 Rxe6 33. Rxe6 fxe6 34. Rxe6 Nf6 35. Bc4 Ne8 36. Be3 Nd6 (36... Bxe3 {might work better.} 37. Kxe3 Nd6) 37. Bxc5 $18 bxc5 38. Bb5 Kf7 39. Re5 Rc8 40. h4 Kf6 41. Kf4 Nf7 $2 {[#]} (41... Kf7 42. g5 Rc7 43. gxh6 gxh6) 42. g5+ {Accuracy: White = 57%, Black = 23%.} 1-0

[Event "Kurnosov Memorial Rapid 2019"]
[Site "Chelyabinsk"]
[Date "2019.09.06"]
[Round "1.3"]
[White "Kostin, Ilya"]
[Black "Bareev, Evgeny"]
[Result "0-1"]
[WhiteElo "1870"]
[BlackElo "2643"]
[Annotator "TA"]
[PlyCount "38"]
[EventDate "2019.09.06"]
[EventType "swiss"]
[EventCountry "RUS"]
[SourceTitle "playchess.com"]
[Source "ChessBase"]
[SourceQuality "1"]

{[%evp 20,102,-12,-24,0,0,0,-48,-49,-47,-59,-77,-76,-126,-75,-125,-84,-123,-141,-149,-133,-115,-120,-207,-171,-165,-180,-158,-155,-183,-187,-179,-179,-193,-197,-262,-266,-261,-259,-243,-218,-221,-217,-283,-267,-287,-284,-293,-293,-340,-334,-382,-339,-400,-340,-646,-583,-704,-697,-605,-440,-658,-625,-654,-640,-624,-611,-1362,-1217,-1693,-1140,-1652,-1637,-1871,-1848,-1769,-1710,-4614,-4614,-4614,-4614,-29980,-29981,-29981,-29982]} 1. e4 c5 2. Nf3 e6 3. d4 cxd4 4. Nxd4 a6 5. Bd3 Qc7 6. O-O Nf6 7. c4 Nc6 8. Nxc6 dxc6 9. f4 e5 10. f5 Bc5+ 11. Kh1 h6 {B42: Sicilian: Kan Variation: 5 Bd3} 12. Nc3 b5 $146 ({Predecessor:} 12... b6 13. Rb1 a5 14. Qf3 O-O 15. Ne2 Rd8 16. b3 Bb7 17. Bc2 Qe7 18. Qg3 Kh7 19. Qh3 {0-1 (60) Dewi,A (2154)-Deepan Chakkravarthy,J (2515) Kuala Lumpur 2014}) 13. cxb5 axb5 {Black is slightly better.} 14. Qc2 O-O 15. h3 Rd8 16. a4 Bb7 ({Black should try} 16... Qd6 17. Rd1 b4) 17. b3 Qe7 18. Be2 Bd4 {[#] Threatens to win with ...b4.} 19. Bb2 b4 {Played: Qe7-c5} 0-1

[Event "Kurnosov Memorial Rapid 2019"]
[Site "Chelyabinsk"]
[Date "2019.09.06"]
[Round "1.4"]
[White "Movsesian, Sergei"]
[Black "Vanishvili, Mari"]
[Result "1-0"]
[WhiteElo "2654"]
[BlackElo "1910"]
[Annotator "TA"]
[PlyCount "93"]
[EventDate "2019.09.06"]
[EventType "swiss"]
[EventCountry "RUS"]
[SourceTitle "playchess.com"]
[Source "ChessBase"]
[SourceQuality "1"]

{[%evp 11,93,37,35,18,39,33,64,70,89,87,106,112,102,113,135,66,185,185,181,160,238,203,245,162,336,330,319,320,1069,1107,1052,1123,623,478,557,535,450,278,485,475,428,239,415,411,411,399,386,396,370,356,446,351,320,287,430,428,385,410,460,465,527,527,493,509,705,380,596,444,656,657,640,548,468,441,629,571,618,610,808,554,752,742,652,621]} 1. e4 e5 2. Nf3 d6 3. d4 exd4 4. Nxd4 Nf6 5. Nc3 Be7 6. Be2 O-O 7. Bf4 {C41: Philidor Defence} a6 (7... Re8 8. Qd2 Bf8 9. f3 Nc6 10. O-O-O Nxd4 11. Qxd4 Be6 12. Kb1 Nd7 13. g4 a6 14. h4 b5 {0-1 (44) Grischuk,A (2750)-Rapport,R (2698) chess.com INT 2017}) 8. Qd2 b5 9. Bf3 {White is slightly better.} Ra7 $146 ({Predecessor:} 9... Bb7 10. a4 c5 11. Nf5 b4 12. Nd5 Bxd5 13. exd5 a5 14. O-O Re8 15. Rfe1 {1-0 (35) Ginosyan,R (1972)-Glukhov,M (2209) Voronezh 2014}) 10. O-O-O c5 11. Nf5 Bxf5 12. exf5 Rd7 {[#]} 13. Rhe1 (13. Nd5 $1 $16) 13... b4 ({Better is} 13... d5 $1 $14) 14. Nd5 $36 {[%mdl 2048] Keeping Black busy.} Nxd5 15. Bxd5 Bf6 {[#]} (15... Rc7 $16 16. Kb1 Kh8) 16. g4 $1 h6 17. Kb1 a5 $2 {[#]} (17... Re8 18. Rxe8+ Qxe8) 18. h4 $1 {[%mdl 512]} Bxh4 19. Rh1 {And now Bxh6! would win.} Bg5 $2 (19... c4 20. Bxc4 Qf6) 20. Bxg5 Qxg5 21. Qxg5 hxg5 22. Rh5 {Threatens to win with Rdh1.} Rfd8 23. Rdh1 {[%csl Gh1][%cal Rh5h8]} Kf8 {If Black can now play ...Ke7 this consolidates a bit.} 24. Rxg5 Na6 $2 (24... Ke7 25. Rxg7 Kf6) 25. Rgh5 Ke7 26. g5 (26. Re1+ $142 Kf6 27. Bc4) 26... Rf8 $2 (26... Rg8 27. R5h3 Kf8) 27. Rh7 Kd8 28. Rxg7 Nc7 29. Bc6 Re7 30. f4 Re2 31. Rgh7 Rf2 32. R7h6 Rxf4 (32... d5 {was worth a try.} 33. Rd6+ Kc8) 33. Rxd6+ Kc8 34. a4 bxa3 35. bxa3 Rg4 36. g6 fxg6 37. fxg6 {aiming for Bd7+.} Rg3 38. Rh5 Rg8 (38... Ne8 $142) 39. Kb2 {White is clearly winning.} Kb8 (39... Ne8 $142) 40. Be4 Rg4 41. Bf5 Rf4 42. Rc6 Nd5 (42... Kb7 $142) 43. Rxc5 Ne7 44. Bd3 a4 45. Ra5 Nxg6 46. Rhb5+ Kc7 47. Ra7+ {Accuracy: White = 77%, Black = 20%.} 1-0

[Event "Kurnosov Memorial Rapid 2019"]
[Site "Chelyabinsk"]
[Date "2019.09.06"]
[Round "1.5"]
[White "Gertsyk, Nikolai"]
[Black "Bocharov, Dmitry"]
[Result "0-1"]
[WhiteElo "2266"]
[BlackElo "2519"]
[Annotator "TA"]
[PlyCount "88"]
[EventDate "2019.09.06"]
[EventType "swiss"]
[EventCountry "RUS"]
[SourceTitle "playchess.com"]
[Source "ChessBase"]
[SourceQuality "1"]

{[%evp 13,88,4,25,17,23,16,14,9,27,21,32,0,0,-23,-11,-49,-50,-52,-26,-35,-39,-18,14,14,27,18,34,-3,-5,-3,11,-60,-58,-74,-15,-22,-7,-16,62,65,62,26,36,37,37,-16,-10,-17,-13,-11,0,-27,0,0,29,-80,-76,-95,-108,-90,-83,-119,-95,-90,-76,-464,-65,-554,-559,-777,-777,-766,-735,-921,-905,-1217,-1129]} 1. d4 Nf6 2. Nf3 g6 3. Bf4 Bg7 4. e3 O-O 5. Be2 d6 6. h3 Nc6 7. O-O Nd7 8. Nc3 {A48: 1 d4 Nf6 2 Nf3 g6: Torre, London and Colle Systems} (8. Bh2 e5 9. Nc3 exd4 10. Nxd4 Nxd4 11. exd4 Re8 12. Qd2 Nf8 13. Bc4 Be6 14. Bxe6 Nxe6 15. Ne2 Qg5 16. Qd3 Qd5 {½-½ (68) Nakamura,H (2767)-Aronian,L (2797) Saint Louis 2014}) 8... h6 9. Bg3 e5 10. dxe5 {The position is equal.} dxe5 11. e4 Nc5 $146 ({Predecessor:} 11... a6 12. a3 Nb6 13. Nd5 Be6 14. Nxb6 cxb6 15. Qxd8 Rfxd8 {0-1 (51) Nguyen,H-Sasikiran,K (2536) Vung Tau 1999}) 12. Qxd8 Rxd8 13. Rad1 Be6 14. Bb5 Nd4 15. Nxe5 Nxe4 16. Nxe4 Nxb5 17. Nc5 Bf5 18. Nxb7 Re8 19. Rfe1 Bxc2 20. Rc1 Nd4 21. Na5 {[%cal Bb7a5,Ba5c4,Bc4e3][%mdl 32]} Re6 {[#] And now ...Bxe5 would win.} 22. Kh2 (22. f4 $1 $11) 22... Rae8 $15 {[%cal Rg7e5]} 23. Nac4 f6 (23... h5 $17 24. f4 f6) 24. Ne3 $11 Be4 25. Nd7 Bc6 (25... R6e7 $11 26. Nc5 f5) 26. Nc5 $1 $14 {[%cal Rc5e6]} R6e7 27. Na6 f5 {White should prevent ...g5.} 28. Nxc7 Rd8 {[%cal Be8d8,Bd8d7,Bd7e7][%mdl 32] White must now prevent ...g5.} 29. Na6 ({White should play} 29. Red1 $14) 29... g5 $11 30. Bc7 Rdd7 {Threatens to win with ...Bb7.} 31. Ba5 f4 32. Nc2 {Nxd4 is the strong threat.} Rxe1 33. Nxe1 Re7 34. Bc3 (34. Nb4 $11 {keeps the balance.} Be4 35. Nbd3) 34... Ne2 $36 {[%mdl 2048] White is under strong pressure.} 35. Rd1 Nxc3 36. bxc3 Bxc3 37. Nf3 Bg7 38. Rd2 Kf7 39. Nb4 $2 {[%mdl 8192]} (39. Nc5 $17 {is a better chance.}) 39... Bb7 $2 (39... Bxf3 $1 $19 40. gxf3 Bc3 {[%mdl 64] Double Attack}) 40. Nd5 $2 {[%mdl 8192]} (40. Nd3 $15) 40... Rd7 $19 {Black is clearly winning.} 41. Nb4 Rxd2 42. Nxd2 Bc3 $1 {[%csl LRb4,LRd2][%mdl 64] [#] Double Attack} 43. Nc4 Bxb4 44. a3 Bd5 {Accuracy: White = 21%, Black = 45%.} 0-1

[Event "Kurnosov Memorial Rapid 2019"]
[Site "Chelyabinsk"]
[Date "2019.09.06"]
[Round "1.6"]
[White "Bocharov, Ivan"]
[Black "Kozlov, Denis"]
[Result "1-0"]
[WhiteElo "2557"]
[BlackElo "2122"]
[Annotator "TA"]
[PlyCount "39"]
[EventDate "2019.09.06"]
[EventType "swiss"]
[EventCountry "RUS"]
[SourceTitle "playchess.com"]
[Source "ChessBase"]
[SourceQuality "1"]

{[%evp 12,39,16,29,10,8,27,23,29,13,58,56,55,51,87,0,72,60,88,75,202,193,207,183,369,369,385,391,669,641]} 1. c4 e5 2. Nc3 Bb4 3. Nf3 Nc6 4. Qc2 Nf6 5. e3 O-O 6. Nd5 Bc5 7. a3 a5 {A28: English Opening: Four Knights Variation} 8. b3 (8. Ng5 g6 9. Nxf6+ Qxf6 10. Ne4 Qe7 11. Nxc5 Qxc5 12. Qc3 d5 13. b4 Qd6 14. b5 d4 15. Qc2 {½-½ (42) Stremavicius,T (2468)-Khachiyan,M (2530) chess.com INT 2017}) 8... d6 9. Ng5 {Threatening mate with Nxf6+.} g6 {White has an edge.} 10. h4 Be6 11. Nxf6+ Qxf6 12. Bb2 Bf5 $146 {[#]} ({Predecessor:} 12... Qe7 13. Bd3 f5 14. Qc3 {1-0 (29) Schnelting,M-Stoetzel,M Ruhrgebiet 1997}) 13. Bd3 ({Better is} 13. Ne4 $1 $16 {[%cal Re4f6]} Bxe4 14. Qxe4) 13... Bxd3 (13... Bxa3 $1 $11 14. Rxa3 Nb4 {[%mdl 64] Double Attack} 15. Bxf5 Nxc2+ 16. Bxc2 Qe7) 14. Qxd3 $16 Qe7 {[#]} 15. g4 $1 Nd8 (15... Rae8 $16 {keeps fighting.}) 16. Ne4 $18 Ne6 17. g5 Kh8 $2 (17... h5 {was called for.} 18. f4 Bb6) 18. f4 c6 19. h5 Rad8 $2 (19... Rg8 20. Nf6 Nf8) 20. Nf6 {Accuracy: White = 94%, Black = 18%.} 1-0

[Event "Kurnosov Memorial Rapid 2019"]
[Site "Chelyabinsk"]
[Date "2019.09.06"]
[Round "1.7"]
[White "Morozov, Ivan"]
[Black "Stupak, Kirill"]
[Result "0-1"]
[WhiteElo "1935"]
[BlackElo "2551"]
[Annotator "TA"]
[PlyCount "46"]
[EventDate "2019.09.06"]
[EventType "swiss"]
[EventCountry "RUS"]
[SourceTitle "playchess.com"]
[Source "ChessBase"]
[SourceQuality "1"]

{[%evp 19,110,43,69,30,29,0,0,0,13,0,0,-17,0,-60,-64,-87,-57,-87,-83,-85,-65,-96,-96,-96,-96,-96,-102,-103,-96,-96,-96,-96,-96,-96,-96,-96,-96,-96,-96,-96,-77,-96,-78,-101,-71,-281,-315,-368,-382,-336,-308,-372,-367,-398,-399,-403,-388,-401,-393,-913,-785,-722,-581,-974,-965,-1155,-1153,-1135,-1118,-1060,-1034,-5535,-6095,-5081,-3067,-29981,-29982,-29982,-29982,-29985,-29985,-29985,-29986,-29989,-29990,-29991,-29990,-29992,-29990,-29990,-29991,-29991,-29992]} 1. d4 g6 2. c4 Bg7 3. Nf3 c5 4. d5 b5 5. cxb5 a6 6. b6 Nf6 7. Nc3 O-O 8. e4 d6 9. Be2 Qxb6 10. O-O a5 11. Qc2 {A57: Benko/Volga Gambit} (11. Nd2 Ba6 12. Nc4 Qc7 13. a4 Nbd7 14. Na3 Bxe2 15. Qxe2 Nb6 16. Nab5 Qb7 17. Bg5 Ne8 18. h4 Nc7 19. Nxc7 Qxc7 {0-1 (61) Gongora Reyes,M (2451)-Perez Mitjans,O (2424) Barcelona 2010}) 11... Ba6 12. Bg5 Bxe2 $146 ({Predecessor:} 12... Nbd7 13. Rfe1 h6 14. Bh4 g5 15. Bg3 Nh5 16. Rab1 Nxg3 17. hxg3 {1-0 (60) Guseynov,A (2096)-Sattarov,B (2077) Tashkent 2010}) 13. Qxe2 {The position is equal.} Nbd7 14. Rab1 h6 15. Bh4 (15. Bf4 {feels hotter.} Qa6 16. Qc2 g5 17. Bg3 Nh5 18. a4) 15... Qa6 {...Qxe2 is the strong threat.} 16. Qxa6 (16. Qc2 $11) 16... Rxa6 $15 17. Rfe1 a4 18. a3 g5 19. Bg3 Ng4 20. h3 Nge5 21. Nxe5 Nxe5 22. Bxe5 Bxe5 23. Nd1 Rb6 {Played: Rf8-b8} 0-1

[Event "Kurnosov Memorial Rapid 2019"]
[Site "Chelyabinsk"]
[Date "2019.09.06"]
[Round "1.8"]
[White "Shaposhnikov, Evgeny"]
[Black "Chan, Naruna"]
[Result "1-0"]
[WhiteElo "2572"]
[BlackElo "1950"]
[Annotator "TA"]
[PlyCount "51"]
[EventDate "2019.09.06"]
[EventType "swiss"]
[EventCountry "RUS"]
[SourceTitle "playchess.com"]
[Source "ChessBase"]
[SourceQuality "1"]

{[%evp 14,51,41,24,52,-9,10,-30,-24,-50,-4,0,0,-40,-28,-88,0,0,17,28,107,55,197,206,213,210,345,335,423,404,670,664,647,485,462,440,914,441,460,448]} 1. Nf3 Nf6 2. c4 e6 3. Nc3 d5 4. d4 dxc4 5. e4 c5 6. d5 exd5 7. e5 Nfd7 8. Qxd5 Nb6 {D24: Queen's Gambit Accepted: 3 Nf3 Nf6 4 Nc3} (8... Nc6 9. Bf4 Nb6 10. Qxd8+ Nxd8 11. Nb5 Ne6 12. Bd2 Bd7 13. Na3 Bc6 14. Nxc4 Nxc4 15. Bxc4 O-O-O {½-½ (15) Pert,N (2557)-Sarakauskas,G (2395) Southend 2015}) 9. Qe4 (9. Qxd8+ $14 Kxd8 10. Be3) 9... Be7 10. h4 Nc6 {Threatening ...Nd4.Black has an edge.} 11. Be3 a6 $146 ({Predecessor:} 11... Be6 12. Rd1 Qc8 13. Bg5 O-O 14. Be2 Re8 15. Bxe7 Rxe7 16. Nb5 {0-1 (53) Toth,B-Radulov,I Kecskemet 1972}) 12. Rd1 Qc7 13. h5 h6 14. Qf4 (14. Bxc4 $11 Nxc4 15. Qxc4) 14... Be6 (14... O-O $17 15. Be2 Be6) 15. Qg3 $11 Bf8 16. Be2 Nd7 (16... Rd8 $11 {remains equal.}) 17. Nd5 $36 {[%mdl 2048] White is more active.} (17. O-O $16) 17... Qa5+ ({Black should play} 17... Bxd5 $1 $14 18. Rxd5 Nb6) 18. Bd2 $18 {[%mdl 1024] White has strong compensation.} Qd8 19. Nf4 Bf5 (19... Qe7 $142) 20. Bc3 b5 {intending ...b4.} 21. Nh4 Bd3 (21... Bc2 $142 22. e6 Bxd1) 22. e6 {White is clearly winning.} Nde5 23. exf7+ (23. Rxd3 cxd3 24. Nxd3 Nxd3+ 25. Bxd3 Qe7 $11) 23... Kxf7 24. Nxd3 ({Weaker is} 24. Bxd3 Nxd3+ 25. Nxd3 cxd3 $18) 24... Nxd3+ (24... cxd3 $142 25. Bxe5 Nxe5 26. Qxe5 Qg5 27. Qc7+ Be7) 25. Bxd3 (25. Rxd3 $142 cxd3 26. Qg6+ {[%mdl 64] Double Attack} Ke7 {[#]} 27. Bf3 $1 {[%mdl 512]}) 25... cxd3 26. Qg6+ {Accuracy: White = 42%, Black = 16%.} 1-0

[Event "Kurnosov Memorial Rapid 2019"]
[Site "Chelyabinsk"]
[Date "2019.09.06"]
[Round "1.9"]
[White "Lebzak, Yaroslav"]
[Black "Volkov, Sergey"]
[Result "0-1"]
[WhiteElo "1817"]
[BlackElo "2557"]
[Annotator "TA"]
[PlyCount "70"]
[EventDate "2019.09.06"]
[EventType "swiss"]
[EventCountry "RUS"]
[SourceTitle "playchess.com"]
[Source "ChessBase"]
[SourceQuality "1"]

{[%evp 20,86,64,64,60,53,58,57,67,44,77,77,76,-8,66,67,66,35,91,80,84,73,85,64,151,50,64,69,71,22,42,19,19,0,31,39,36,35,49,0,0,0,32,8,8,24,54,60,54,-438,-416,-536,0,-535,-545,-686,-683,-660,-646,-846,-845,-799,-818,-800,-595,-695,-677,-29986,-29987]} 1. e4 e6 2. d4 d5 3. Nc3 Nf6 4. e5 Nfd7 5. f4 c5 6. Nf3 Nc6 7. Be3 Qb6 8. Na4 Qa5+ 9. c3 b6 10. Bd2 c4 11. b4 Qa6 {C11: French: Classical System: 4 e5 and 4 Bg5 dxe4} 12. Be2 Be7 13. O-O O-O {White is slightly better.} (13... f5 14. Qc2 O-O 15. Kh1 Qb7 16. Rg1 Rf7 17. g4 b5 18. gxf5 Rxf5 19. Nc5 Nxc5 20. bxc5 {0-1 (57) Karjakin,S (2773)-Duda,J (2737) chess.com INT 2018}) 14. Qc2 f6 15. Nb2 b5 16. Rfb1 $146 (16. a4 $16) ({Predecessor:} 16. a4 bxa4 17. Nxa4 Qb5 18. Nc5 Nxc5 19. dxc5 fxe5 20. fxe5 {½-½ (32) Froeyman,H (2304)-Vedder,H (2372) Belgium 2014}) 16... Qb7 (16... fxe5 $1 $11 17. fxe5 Qb6) 17. a4 $14 a6 18. a5 Rf7 (18... g5 $14) 19. Rf1 $16 Nf8 20. exf6 gxf6 21. Nd1 Rg7 (21... f5 $14) 22. Ne3 (22. f5 $1 $16) 22... f5 $14 23. Kh1 Nd7 24. Rg1 (24. g4 $5) 24... Nf6 $1 25. Ne5 Ne4 {[%cal Re4f2]} 26. Raf1 Nxe5 27. fxe5 Bg5 28. Bf3 Qe7 29. Bxe4 dxe4 ({Of course not} 29... fxe4 $6 30. Ng4 $16) 30. Nd1 Bb7 (30... e3 $5 31. Bxe3 Bb7 $11) 31. Bxg5 Qxg5 32. Qf2 $1 Qc1 33. Qe3 Qc2 34. Nf2 $2 {[%mdl 8192] [#]} (34. Rf4 $14 {keeps the upper hand.}) 34... f4 $1 $19 {[%cal Rf4e3][%mdl 512]} 35. Qxf4 {[#] Hoping for Ng4.} Rf8 {Played: e4-e3} 0-1

[Event "Kurnosov Memorial Rapid 2019"]
[Site "Chelyabinsk"]
[Date "2019.09.06"]
[Round "1.10"]
[White "Yudin, Sergei"]
[Black "Burkov, Ivan V"]
[Result "1-0"]
[WhiteElo "2494"]
[BlackElo "2024"]
[Annotator "TA"]
[PlyCount "63"]
[EventDate "2019.09.06"]
[EventType "swiss"]
[EventCountry "RUS"]
[SourceTitle "playchess.com"]
[Source "ChessBase"]
[SourceQuality "1"]

{[%evp 12,63,20,1,28,20,31,6,6,0,0,0,0,0,12,21,17,-7,18,11,52,37,39,31,63,64,63,62,122,119,119,118,121,121,126,125,130,130,135,131,131,131,152,152,463,476,493,477,447,478,476,463,894,1220]} 1. e4 c5 2. Nf3 e6 3. c3 d5 4. exd5 exd5 5. d4 Nc6 6. Bb5 Bd6 7. O-O Nf6 {B22: Sicilian: 2 c3} (7... Nge7 8. dxc5 Bxc5 9. Nbd2 a6 10. Nb3 Bd6 11. Bxc6+ bxc6 12. Qd4 O-O 13. Bf4 Nf5 14. Qa4 Rb8 15. Rad1 Qc7 16. Bxd6 Nxd6 17. Qf4 {1-0 (40) Zhigalko,S (2653)-Ivanchuk,V (2728) Izmir 2016}) 8. Re1+ Be6 9. dxc5 Bxc5 {The position is equal.} 10. Nd4 O-O 11. Be3 Nxd4 12. Bxd4 Qb6 $146 {[#] ...Bxd4 is the strong threat.} ({Predecessor:} 12... Bd6 13. Qd3 Rc8 14. Nd2 a6 15. Ba4 {1-0 (33) Eichner,C (2067)-Fugmann,B (1971) Templin 2017}) 13. Bxc5 Qxc5 14. Bd3 Rad8 15. Nd2 {[%cal Bb1d2,Bd2e4,Be4c5][%mdl 32]} Ne4 16. Bxe4 (16. Nxe4 {feels hotter.} dxe4 17. Rxe4 Rd6 18. Qe2 Rfd8 19. Re3) 16... dxe4 17. Nxe4 Rxd1 18. Nxc5 Rd2 19. b3 ({Reject} 19. Nxe6 fxe6 20. f3 Rxb2 $11) 19... Bd5 (19... b6 $14 20. Ne4 (20. Nxe6 fxe6 21. f3 Rc8 $14) 20... Rc2) 20. Rad1 $16 Rxd1 21. Rxd1 {[%mdl 4096] Endgame KRB-KRN} Bc6 22. c4 g6 23. f3 Kg7 24. Kf2 b6 25. Na6 Rc8 26. Nb4 a5 27. Nd5 b5 $2 {[#]} (27... Bxd5 $16 28. Rxd5 (28. cxd5 Kf6 $14) 28... Rc5) 28. Ne7 $18 {White is clearly winning.} Rc7 29. Nxc6 Rxc6 30. cxb5 Rc2+ 31. Ke3 Rxa2 (31... Kf6 $142 32. b6 Rc8) 32. b6 {Accuracy: White = 77%, Black = 25%.} 1-0